| 000 | 00605cam a2200193 a 4500 | ||
|---|---|---|---|
| 020 | _a1892769018 (v. 1) | ||
| 020 | _a0929355989 (v. 2) | ||
| 020 | _a1892769026 (v. 3) | ||
| 020 | _a1892769034 (v. 4) | ||
| 020 | _a0929355970 (v. 5) | ||
| 040 | _cCSluSP | ||
| 082 | _a675 ASA 1999 C141 Or. | ||
| 245 | 0 | 0 | _aCIGR handbook of agricultural engineering / |
| 260 |
_aSt. Joseph, MI : _bAmerican Society of Agricultural Engineers, _cc1999. |
||
| 300 |
_a5 v. : _bill. ; _c24 cm. |
||
| 650 | 0 | _aAgricultural engineering. | |
| 710 | 2 | _aInternational Commission of Agricultural Engineering. | |
| 942 | _cAEDBB | ||
| 999 |
_c18298 _d18298 |
||